WBC 2023 日本代表メンバー - Statistics

General Stats
  • This quiz has been taken 3,263 times
  • The average score is 23 of 32
Answer Stats
Hint 背番号 Answer % Correct
16 大谷翔平
99%
55 村上宗隆
91%
投手 11 ダルビッシュ有
87%
捕手 10 甲斐拓也
87%
※辞退 51 鈴木誠也
87%
18 山本由伸
83%
3 牧秀悟
82%
23 ラーズ・ヌートバー
82%
25 岡本和真
81%
34 吉田正尚
81%
2 源田壮亮
80%
27 中村悠平
78%
内野手 1 山田哲人
78%
外野手 8 近藤健介
77%
14 佐々木朗希
75%
28 髙橋宏斗
71%
33 山川穂高
71%
9 周東佑京
71%
47 高橋奎二
70%
24 大城卓三
68%
21 今永昇太
67%
7 中野拓夢
66%
15 大勢
65%
※辞退 20 栗林良吏
63%
12 戸郷翔征
62%
17 伊藤大海
57%
5 牧原大成
56%
※追加 63 山﨑颯一郎
54%
26 宇田川優希
52%
29 宮城大弥
51%
22 湯浅京己
46%
13 松井裕樹
45%
No matching quizzes found
Score Distribution
Percent of People with Each Score
Percentile by Number Answered
Your Score History
You have not taken this quiz